Giáo trình lịch sử văn minh phương tây

Uloženo v:
Podrobná bibliografie
Hlavní autor: Cao Cẩm Hương
Médium: Kniha
Jazyk:Undetermined
Vydáno: Cần Thơ Trường Đại học Cần Thơ 2003
Témata:
Tagy: Přidat tag
Žádné tagy, Buďte první, kdo otaguje tento záznam!
Thư viện lưu trữ: Trung tâm Học liệu Trường Đại học Cần Thơ
LEADER 00563nam a2200169Ia 4500
001 CTU_55748
008 210402s9999 xx 000 0 und d
082 |a 940 
082 |b H561 
100 |a Cao Cẩm Hương 
245 0 |a Giáo trình lịch sử văn minh phương tây 
245 0 |c Cao Cẩm Hương 
260 |a Cần Thơ 
260 |b Trường Đại học Cần Thơ 
260 |c 2003 
650 |a Civilization,Western-History,Civilization,Western-History-Sources 
980 |a Trung tâm Học liệu Trường Đại học Cần Thơ